It looks like you're offline.
Open Library logo
additional options menu

MARC Record from Harvard University

Record ID harvard_bibliographic_metadata/20220215_026.bib.mrc:290766102:1391
Source Harvard University
Download Link /show-records/harvard_bibliographic_metadata/20220215_026.bib.mrc:290766102:1391?format=raw

LEADER: 01391nam a22002778a 4500
005 20020606093309.7
008 920911s1991 stk 000 0 eng d
001 990023678000203941
010 $agb^91063999^
015 $aGB91-63999
020 $a074866114X (pbk)$0(uri) http://www.isbnsearch.org/isbn/074866114X
035 $a(OCoLC)26766306$0(uri) http://www.worldcat.org/oclc/26766306
040 $aUKM$cUKM$dOUN$dNYP$dTEU$dHLS
043 $ae-uk-st
082 04 $a823.912$220
090 $aPR6013.U64$bM35 1991x
100 1 $aGunn, Neil M.,$d1891-1973$0(uri) http://id.loc.gov/authorities/names/n50017508$0(uri) http://viaf.org/viaf/sourceID/LC|n50017508
245 14 $aThe man who came back :$bessays and short stories /$cNeil M. Gunn ; edited by Margery McCulloch.
260 $aEdinburgh :$bPolygon,$c1991.
300 $a211 p. ;$c22 cm.
651 0 $aScotland$xIn literature.$0(uri) http://id.loc.gov/authorities/subjects/sh2008116914
651 0 $aScotland$xCivilization.$0(uri) http://id.loc.gov/authorities/subjects/sh85118814
653 0 $aEnglish literature
700 1 $aMcCulloch, Margery Palmer.$0(uri) http://id.loc.gov/authorities/names/nr88003716$0(uri) http://viaf.org/viaf/sourceID/LC|nr88003716
852 0 $bWID$cHD$hPR6013.U64$iM35 1991x$8221837007190003941
876 $8221837007190003941$q1$70$mHD$yBOOK$pHWTHB1$cHD$0231837007180003941$h01$nPR6013.U64 M35 1991x$bWID$lWID